000 00311nam a2200145Ia 4500
100 _aRivola/Luigi
650 _aCarpentery
942 _cBK
654 _aRacing Motor cycles
245 _aRacing Motor Cycles
260 _bGalley Press
_aItaly
_c1977
082 _a629.2
300 _a320
546 _aENGLISH
999 _c34352
_d34352